Rice Dishes - Sudden Death - Statistics

General Stats
  • This quiz has been taken 130 times
  • The average score is 9 of 16
Answers on the Grid
Answers color-coded by a green-red scale on the quiz's grid according to % correct below.
Paella
Risotto
Bibimbap
Biryani
Omurice
Arancini
Sartù di riso
Nasi goreng
Riz djon djon
Onigiri
Kimbap / Gimbap
Kiritanpo
Pilaf / Pilau
Phở
Tteokbokki
Jambalaya
Shelpek
Borscht
Choripán
Vepřo knedlo zelo
Griot
Ratatouille
Pesto rigatoni
Mac and cheese
Ndolé
Caprese salad
Umngqusho
Cochinita pibil
 
Answer Stats
Answer % Correct
Paella
88%
Risotto
85%
Biryani
76%
Jambalaya
75%
Pilaf / Pilau
71%
Bibimbap
60%
Arancini
57%
Omurice
57%
Onigiri
57%
Nasi goreng
56%
Sartù di riso
56%
Kimbap / Gimbap
52%
Riz djon djon
50%
Tteokbokki
32%
Phở
16%
Kiritanpo
14%
No matching quizzes found
Score Distribution
Percent of People with Each Score
Percentile by Number Answered
Your Score History
You have not taken this quiz